Introduction to Politics of the Developing World / (Record no. 15079)

MARC details
000 -LEADER
fixed length control field 00965nam a22002417a 4500
008 - FIXED-LENGTH DATA ELEMENTS--GENERAL INFORMATION
fixed length control field 110407r20072010mau|||||r|||| 001 0 eng d
020 ## - INTERNATIONAL STANDARD BOOK NUMBER
International Standard Book Number 1439041504
020 ## - INTERNATIONAL STANDARD BOOK NUMBER
International Standard Book Number 9781439041505
082 ## - DEWEY DECIMAL CLASSIFICATION NUMBER
Edition number 22
Classification number 320.91724
Item number POL
245 ## - TITLE STATEMENT
Title Introduction to Politics of the Developing World /
Statement of responsibility, etc General editors William A. Joseph, Mark Kesselman and Joel Kreiger
250 ## - EDITION STATEMENT
Edition statement 5th ed.
260 ## - PUBLICATION, DISTRIBUTION, ETC. (IMPRINT)
Place of publication, distribution, etc Boston, MA :
Name of publisher, distributor, etc Wadsworth/Cengage Learning, 2010
Date of publication, distribution, etc 2010
300 ## - PHYSICAL DESCRIPTION
Extent xi, 390 p. :
Other physical details ill. ;
Dimensions 24 cm
500 ## - GENERAL NOTE
General note Includes index
650 ## - SUBJECT ADDED ENTRY--TOPICAL TERM
9 (RLIN) 10960
Topical term or geographic name as entry element Comparative government.
651 ## - SUBJECT ADDED ENTRY--GEOGRAPHIC NAME
9 (RLIN) 22205
Geographic name Developing countries
General subdivision Politics and government.
653 ## - INDEX TERM--UNCONTROLLED
Resource For college
Arrived date list April2011
700 ## - ADDED ENTRY--PERSONAL NAME
9 (RLIN) 19982
Personal name Kesselman, Mark
700 ## - ADDED ENTRY--PERSONAL NAME
9 (RLIN) 19984
Personal name Krieger, Joel,
Titles and other words associated with a name 1951-
700 ## - ADDED ENTRY--PERSONAL NAME
9 (RLIN) 19985
Personal name Joseph, William A.
Titles and other words associated with a name 1951-
942 ## - ADDED ENTRY ELEMENTS (KOHA)
Source of classification or shelving scheme Dewey Decimal Classification
Item type Book - Borrowing
Holdings
Withdrawn status Item status Source of classification or shelving scheme Damaged status Not for loan Vendor Home library Current library Shelving location Date acquired Source of acquisition Cost, normal purchase price Serial Enumeration / chronology Total Checkouts Total Renewals Full call number Barcode Date last seen Date last borrowed Koha item type
    Dewey Decimal Classification     AUC Central Library Central Library First floor 07/04/2011   282.00 12033 6 14 320.91724 POL 000023185 15/07/2025 12/10/2016 Book - Borrowing